000 00733nam a22001697a 4500
999 _c63411
_d63411
003 Ge_BSU
005 20251002192447.0
008 251002s1966 ge ||||| |||| 00| 0 geo d
041 _ageo
080 _a63(479.223) ს-58
100 _aსიორიძე, რუბენ
_925929
245 _aაღმავლობის გზით :
_bქობულეთის რ-ნის სოფლ. მეურნეობა /
_cრუბენ სიორიძე.
264 _aთბილისი :
_bსაბჭ. საქართველო,
_c 1966.
300 _a47 გვ. :
_bილ. ;
_c20 სმ.
653 _aაჭარის სოფლის მეურნეობა
942 _2udc
_cᲬᲘᲒᲜᲘ